000 00758nam a22001577a 4500
999 _c61237
_d61237
005 20240109164321.0
008 240109s1971 ru ||||| |||| 00| 0 rus d
041 _arus
080 _a7.031 П-26
245 _aПервобытное искусство /
_cОтв. ред. Р.С. Васильевский.
264 _aНовосибирск :
_bНаука,
_c1971.
300 _a 203 с.:
_bил.;
_c20 см.
653 _aსაბჭოთა და უცხოელი ხელოვნების ისტორიკოსებისა და არქეოლოგების სტატიების კრებული
700 _aВасильевский, Р.С.
_eრედაქტორი
_920998
942 _2udc
_cᲬᲘᲒᲜᲘ